ბათუმის შოთა რუსთაველის სახელმწიფო უნივერსიტეტის ბიბლიოთეკა

Экономика организаций =L' ECONOMIEDES ORGANISATIONS: / (ბიბ.ჩანაწერი № 37321)

000 -LEADER
fixed length control field 00778nam a2200217Ia 4500
001 - CONTROL NUMBER
control field 3280
003 - CONTROL NUMBER IDENTIFIER
control field GE_BSU
005 - DATE AND TIME OF LATEST TRANSACTION
control field 20221102100413.0
008 - FIXED-LENGTH DATA ELEMENTS--GENERAL INFORMATION
fixed length control field 181216s1996ru xx |||||||||||||| ||rus||
020 ## - INTERNATIONAL STANDARD BOOK NUMBER
International Standard Book Number 270711950 5862253181;
040 ## - CATALOGING SOURCE
Transcribing agency GE_BSU
041 ## - LANGUAGE CODE
Language code of text/sound track or separate title rus
Language code of original fr
080 ## - UNIVERSAL DECIMAL CLASSIFICATION NUMBER
Universal Decimal Classification number 334 М–50
245 ## - TITLE STATEMENT
Title Экономика организаций =L' ECONOMIEDES ORGANISATIONS: /
Statement of responsibility, etc. Пер. с Франц. ред: ЛюВ. Бобнлева
264 ## - PRODUCTION, PUBLICATION, DISTRIBUTION, MANUFACTURE, AND COPYRIGHT NOTICE
Place of production, publication, distribution, manufacture Мoсква :
Name of producer, publisher, distributor, manufacturer ИНФРА -М,
Date of production, publication, distribution, manufacture, or copyright notice 1996.
300 ## - PHYSICAL DESCRIPTION
Extent 160 ст.:
Other physical details 20 см.
653 ## - INDEX TERM--UNCONTROLLED
keyword Экономикаорганизаций
653 ## - INDEX TERM--UNCONTROLLED
keyword ორგანიზაციების ეკონომიკა
700 ## - ADDED ENTRY--PERSONAL NAME
Personal name Бобнлева, ЛюВ.
Relator term რედაქტორი
9 (RLIN) 15706
942 ## - ADDED ENTRY ELEMENTS (KOHA)
Koha item type წიგნი
Source of classification or shelving scheme
ეგზემპლარები
Withdrawn status Lost status Source of classification or shelving scheme Damaged status Not for loan Permanent Location Current Location Shelving location Date acquired Cost, normal purchase price Full call number Barcode Date last seen Copy number Price effective from Koha item type Public note
          ბათუმის შოთა რუსთაველის სახელმწიფო უნივერსიტეტის მთავარი ბიბლიოთეკა ბათუმის შოთა რუსთაველის სახელმწიფო უნივერსიტეტის მთავარი ბიბლიოთეკა წიგნსაცავი 2018-12-17 5.00 334 М–50 7801 2018-12-17 7801 2018-12-17 წიგნი 5ლ. 50თ.
          ბათუმის შოთა რუსთაველის სახელმწიფო უნივერსიტეტის მთავარი ბიბლიოთეკა ბათუმის შოთა რუსთაველის სახელმწიფო უნივერსიტეტის მთავარი ბიბლიოთეკა წიგნსაცავი 2018-12-17 5.00 334 М–50 7802 2018-12-17 7802 2018-12-17 წიგნი 5ლ.50თ.
          ბათუმის შოთა რუსთაველის სახელმწიფო უნივერსიტეტის მთავარი ბიბლიოთეკა ბათუმის შოთა რუსთაველის სახელმწიფო უნივერსიტეტის მთავარი ბიბლიოთეკა წიგნსაცავი 2018-12-17 5.00 334 М–50 8171 2018-12-17 8171 2018-12-17 წიგნი 5ლ.50თ.